Microsoft systems journal

Gespeichert in:
Bibliographische Detailangaben
Format: Schriftenreihe
Veröffentlicht: 1997
Tags: Tag hinzufügen
Keine Tags, Fügen Sie das erste Tag hinzu!

MARC

LEADER 00000nas a22000003a 4500
001 stu71545
005 20141121233117.4
008 011106s1997----------------------------d
040 |a STU  |b slo 
041 0
245 |a Microsoft systems journal 
260 |c 1997 
500 |a 9-12 
500 |a 1997 
500 |a 12 
773 0 |t Microsoft systems journal  |w stu_us_cat*stu60113  |x 0889-9932  |7 nnas 
996 |d Vol. 12, 1997  |v Vol. 12  |y 1997  |l EE0103  |s A  |a 24  |w stu71545_0001